000 010360000a22002650004500
003 EG-GICUC
005 20250223030101.0
008 091010s1976 ua f m 000 0 ara d
040 _aEG-GiCUC
_bara
_cEG-GiCUC
041 0 _aara
049 _aايداع
097 _aدكتوراه
099 _aCai01.02.06.Ph.D.1976.اح.ا
100 0 _aاحمد بسام ساعى
245 1 2 _aالاتجاهات الحديثة فى الشعر السورى 1946-1972 /
_cاحمد بسام ساعى ؛ اشراف سهير القلماوى
246 1 5 _aModern tendencies in the Syrian poetry 1946-1972
260 _aالقاهرة :
_bاحمد بسام ساعى :
_c1976
300 _a374ورقة ؛
_c30سم
502 _aاطروحة(دكتوراه) - جامعة القاهرة - كلية الاداب - قسم اللغة العربية وادابها
700 0 _aسهير القلماوى :
_eمشرف
856 _uhttp://172.23.153.220/th.pdf
905 _aFatma
_eCataloger
905 _aNazla
_eRevisor
942 _2ddc
_cTH
999 _c27120
_d27120